Der Nil Lebensader des Alten Ägypten

محفوظ في:

المؤلف الرئيسي: Christine Strauss-Seeber

التنسيق: كتاب

اللغة: Undetermined

منشور في: Munchen Hirmer 2007

الموضوعات:

الوسوم: إضافة وسم

لا توجد وسوم, كن أول من يضع وسما على هذه التسجيلة!

رقم الطلب: (L) DT60 .S873

LEADER 00595nam a2200169Ia 4500
008 221124s9999||||xx |||||||||||||| ||und||
020 |a 9783-777-437-156 
050 4 |a (L) DT60 .S873 
100 1 |a Christine Strauss-Seeber 
245 1 0 |a Der Nil  |b  Lebensader des Alten Ägypten 
264 1 |a Munchen   |b Hirmer   |c 2007 
300 |a 199.p  |b (chiefly col)  |c 31*27cm 
504 |a Includes bibliographical references 
650 4 |a Egypt-- Antiquities 
942 |2 lcc  |c BK 
952 |0 0  |1 0  |2 lcc  |4 0  |7 1  |9 44008  |a ARCE  |b ARCE  |d 2022-11-24  |l 0  |o (L) DT60 .S873  |p 1020797  |r 2022-11-24 00:00:00  |w 2022-11-24  |y BK 
999 |c 50465  |d 50465